Indice de acuerdos -Tomados en las sesiones celebradas por el Consejo Agropecuario Nacional, 1974

שמור ב:
מידע ביבליוגרפי
מחבר תאגידי: Costa Rica. Ministerio de Agricultura y Ganadería. Consejo Agropecuario Nacional
פורמט: Texto
יצא לאור: San José: El Consejo
נושאים:
תגים: הוספת תג
אין תגיות, היה/י הראשונ/ה לתייג את הרשומה!

MARC

LEADER 00000 a a2200000 04500
001 18226
003
040
090 |a 023400  
110 |a Costa Rica. Ministerio de Agricultura y Ganadería. Consejo Agropecuario Nacional  
245 |a Indice de acuerdos -Tomados en las sesiones celebradas por el Consejo Agropecuario Nacional, 1974  
260 |a San José:   |b El Consejo  
300 |a 66 p.  
650 |a ASPECTOS AGRICOLAS  
999 |c 4988  |d 4988